Sports Quiz

Random Sports or Football Quiz
Score 0/15 Timer 04:00
0 Plays Today
Question Answer Wrong Answers
Leicester City
95%
United
2.6%
Manchester (Red) United
94.8%
City
2.7%
Stoke City
94.4%
United
3.2%
Manchester (Blue) City
94.3%
United
3.3%
Hull City
93.4%
United
4.2%
West Ham United
93.3%
City
4.4%
Cardiff City
92%
United
5.6%
Sheffield United
91.5%
City
6%
Leeds United
91.2%
City
6.3%
Bristol City
90.1%
United
7.4%
Newcastle United
89.9%
City
7.8%
Swansea City
89.4%
United
8.2%
Birmingham City
89.2%
United
8.4%
Coventry (Blue) City
85.4%
United
12.2%
Peterborough United
76.4%
City
21.2%

You're not logged in!

Compare scores with friends on all Sporcle quizzes.
OR
Log In

From the Vault

Remove Ads.
Support Sporcle.
Get the best of Sporcle when you Go Orange. This ad-free experience offers more features, more stats, and more fun while also helping to support Sporcle. Thank you for becoming a member.

Show Comments

Extras

Top Quizzes Today


Score Distribution

Your Account Isn't Verified!

In order to create a playlist on Sporcle, you need to verify the email address you used during registration. Go to your Sporcle Settings to finish the process.

Report this User

Report this user for behavior that violates our Community Guidelines.

Details: